|
|
|
|
| LEADER |
00979cam a2200277 7i4500 |
| 001 |
0000036585 |
| 005 |
20210409090000.0 |
| 007 |
##ta |
| 008 |
210409s20202020 my eng |
| 020 |
# |
# |
|a 9789672363330
|
| 040 |
# |
# |
|a MATR
|
| 090 |
0 |
0 |
|a B 297.576
|b GLO
|
| 245 |
0 |
0 |
|a GLOBAL HALAL PERSPECTIVES :
|b Past, Present and Future /
|c Editor. Risyawati Mohamed Ismail.
|
| 264 |
# |
4 |
|a ♭2020.
|
| 264 |
# |
0 |
|a Sintok, Kedah:
|b Penerbit Universiti Utara Malaysia,
|c 2020.
|
| 300 |
# |
# |
|a xx, 172 pages:
|b illustrations;
|c 23 cm.
|
| 336 |
# |
# |
|a text
|2 rdacontent
|
| 337 |
# |
# |
|a unmediated
|2 rdamedia
|
| 338 |
# |
# |
|a volume
|2 rdacarrier
|
| 504 |
# |
# |
|a Includes bibliographical references and index
|
| 650 |
1 |
0 |
|a Halal food industry
|
| 650 |
2 |
0 |
|a Product safety (Islamic law) --
|z Malaysia
|
| 650 |
2 |
0 |
|a Food --
|x Relegious aspects --
|x Islam
|
| 650 |
2 |
0 |
|a Government publications --
|z Malaysia
|
| 700 |
1 |
# |
|a Risyawati Mohamed Ismaileeditor
|
| 999 |
|
|
|a B000041320
|b Book
|c Book
|e Business Information Centre
|